Дело о постановлении в Зимнем дворце арабской палатки 1 января 1828 года

Доступно только в Электронных читальных залах Найти на картеНа карте
RUSMARC
00003585nmc2a22000003x 450
0015648ca65-e8fd-4342-88c9-b2e2bb246ecb
00520181203165620.0
100##$a20170123l18271827k l0rusy0189 ca
1010#$arus
102##$aRU
2001#$aДело о постановлении в Зимнем дворце арабской палатки 1 января 1828 года
$j19-23 декабря 1827 г.
251##$cДело
300##$aДело
801#0$aRU
$bРГИА
$c20170123
$gRCR
801#1$aRU
$bГлавНИВЦ
$c20170123
$2rusmarc
801#2$aRU
$bПБ им. Б.Н. Ельцина
$c20181203
$gRCR
$2rusmarc
850##$aРГИА
852##$aРГИА
$eФедеральное казенное учреждение "Российский государственный исторический архив" (РГИА)
$j3511
937##$hРГИА
$d12237931
$aASBIBLIO_SCAN
462#0$1001dd3991dc-24e1-42ec-8838-ca4255420416
$12001
$a1746-1850 гг.
$1251
$cОпись
$1852
$j1
461#0$10019264ebf8-de62-4f1a-9eb4-9f22098dbbd5
$12001
$aДирекция императорских театров МИДв
$1251
$cФонд
$1852
$j497
215##$a5 л.
$d36,5х26 см
371##$aДокумент не является опубликованным и широко распространяемым
105##$ay###
1222#$ad
035##$a5648ca65-e8fd-4342-88c9-b2e2bb246ecb
856##$uhttp://readingroom.main.prlib.ru/item.aspx?id_node=n121210546&mode=full
Формат отображения